Statistics for Top Scorers in the Premier League 2020-21

Click here to take the quiz!

General Stats

  • This quiz has been taken 33 times
  • The average score is 18 of 28

Answer Stats

ClubsClubG% Correct
Harry KaneTottenham Hotspurs23
100%
Mohamed SalahLiverpool22
100%
Son Heung-minTottenham Hotspurs17
96%
Bruno FernandesManchester United18
92%
Pierre-Emerick AubameyangArsenal10
92%
Jamie VardyLeicester City15
88%
Marcus RashfordManchester United11
88%
Alexandre LacazetteArsenal13
80%
Danny IngsSouthampton12
80%
Dominic Calvert-LewinEverton16
76%
Ollie WatkinsAston Villa14
76%
Patrick BamfordLeeds United17
76%
Sadio ManeLiverpool11
76%
Chris WoodBurnley12
72%
Wilfried ZahaCrystal Palace11
72%
Harvey BarnesLeicester City10
68%
Ilkay GundoganManchester City13
68%
Raheem SterlingManchester City10
64%
Michail AntonioWest Ham United10
60%
Gareth BaleTottenham Hotspurs11
48%
Callum WilsonNewcastle United12
44%
Edinson CavaniManchester United10
40%
Kelechi IheanachoLeicester City12
40%
Nicolas PepeArsenal10
36%
Tomas SoucekWest Ham United10
36%
Mattheus PereiraWest Bromwich Albion11
20%
Christian BentekeAston Villa10
16%
Answer El GhaziAston Villa10
12%

Score Distribution

Percentile by Number Answered

Percent of People with Each Score

Your Score History

You have not taken this quiz